| 000 | 01064nam a22002057a 4500 | ||
|---|---|---|---|
| 005 | 20210325204642.0 | ||
| 008 | s2553 th tha d | ||
| 041 | _atha | ||
| 090 | _aว SH 380.6 ผ779ค 2553 | ||
| 100 | 0 | _aเฉลิมชัย โมกศิริ | |
| 245 | 1 | 0 | _aโครงการระบบการจัดการฟาร์มกุ้งกุลาดำเพื่อเป็นทางเลือกในอนาคต |
| 260 | 3 |
_aกรุงเทพฯ : _bสำนักงานกองทุนสนับสนุนการวิจัย, _c2553 |
|
| 300 |
_a61 หน้า : _b ภาพประกอบ, ตาราง, แผนภูมิ ; _c 29 ซม. |
||
| 650 | 0 | 4 | _aกุ้งกุลาดำ -- การเลี้ยง -- วิจัย |
| 850 | _aNALT | ||
| 942 | _cRSH | ||
| 997 |
_aบ 23142 _kVC |
||
| 997 | _c000000000061460 | ||
| 998 | _aนางสาวชัชฎา จูฑะรักษ์ | ||
| 999 |
_c61460 _d61460 |
||